000 00658nam a2200241Ia 4500
003 OSt
005 20220926021138.0
006 a|||||r|||| 00| 0
007 ta
008 220923b |||||||| |||| 00| 0 eng d
037 _cGeneral Book
040 _aRTL
_cRTL
_beng
041 _2eng
_aeng
082 _aa14,11N45,N93, N3.23-6/UN
110 _aUNITED NATIONS.
245 0 _aCurrent bibliographical information.
260 _aNew York
_bU.N.
_c1993
300 _avi; 199p.
_ccm.
490 _vV.23, No.6
700 _aUNITED NATIONS.
942 _ha14,11N45,N93, N3.23-6/UN
_cGB
_2CC
999 _c635935
_d635935